[Event "SLO-chT 28th"]
[Site "Slovenia"]
[Date "2018.11.10"]
[Round "5.4"]
[White "Simic, Dragan"]
[Black "Sorcnik, Franc"]
[Result "1/2-1/2"]
[WhiteElo "2179"]
[BlackElo "2028"]
[PlyCount "62"]
[EventDate "2018.11.02"]
[EventType "team-tourn"]
[EventRounds "9"]
[EventCountry "SLO"]
[SourceTitle "CBM 187 Extra"]
[Source "ChessBase"]
[SourceDate "2018.11.04"]
[SourceVersion "1"]
[SourceVersionDate "2018.11.04"]
[SourceQuality "1"]
[WhiteTeam "Maribor Branik"]
[BlackTeam "Slovenska Bistrica Impol"]
[WhiteTeamCountry "SLO"]
[BlackTeamCountry "SLO"]

1. e4 e6 2. d4 d5 3. exd5 exd5 4. Bd3 Bd6 5. c3 c6 6. Ne2 Ne7 7. Bf4 Bf5 8. 0-0 0-0 9. Bxd6 Qxd6 10. Ng3 Bxd3 11. Qxd3 Qg6 12. Qxg6 Nxg6 13. Re1 Nd7 14. Nd2 Rfe8 15. Kf1 Kf8 16. Nf3 Rxe1+ 17. Rxe1 Re8 18. Rxe8+ Kxe8 19. Ne1 Nf4 20. Ne2 Nxe2 21. Kxe2 Ke7 22. Nd3 f6 23. g4 g5 24. f4 h6 25. f5 Kd6 26. b3 b6 27. Nf2 Ke7 28. Kd3 Kd6 29. Nd1 b5 30. Ne3 a6 31. c4 b4 1/2-1/2

[Event "SLO-chT"]
[Site "Slovenia"]
[Date "2016.12.10"]
[Round "8.4"]
[White "Plesec, Damjan"]
[Black "Simic, Dragan"]
[Result "1/2-1/2"]
[WhiteElo "2206"]
[BlackElo "2233"]
[PlyCount "82"]
[EventDate "2016.10.14"]
[EventType "team-tourn"]
[EventRounds "9"]
[EventCountry "SLO"]
[SourceTitle "EXT 2018"]
[Source "ChessBase"]
[SourceDate "2017.10.13"]
[SourceVersion "1"]
[SourceVersionDate "2017.10.13"]
[SourceQuality "1"]
[WhiteTeam "Maribor ZSK"]
[BlackTeam "Maribor Branik"]
[WhiteTeamCountry "SLO"]
[BlackTeamCountry "SLO"]

1. Nf3 Nf6 2. d4 e6 3. Nbd2 c5 4. e3 b6 5. Bd3 Bb7 6. 0-0 Be7 7. b3 cxd4 8. exd4 Qc7 9. c4 0-0 10. Bb2 d6 11. Qe2 Re8 12. Rac1 Nbd7 13. Ng5 Rac8 14. Nde4 Nxe4 15. Nxe4 Nf6 16. Nxf6+ Bxf6 17. Be4 Bxe4 18. Qxe4 Qc6 19. Qe3 d5 20. c5 bxc5 21. Rxc5 Qb7 22. Rfc1 Be7 23. Rxc8 Rxc8 24. Rxc8+ Qxc8 25. Qc1 Qxc1+ 26. Bxc1 a6 27. Kf1 Kf8 28. Ke2 Ke8 29. Kd3 Kd7 30. Bb2 Kc6 31. a3 Bd6 32. g3 f6 33. f4 h5 34. Ke3 Kd7 35. Kf3 Ke7 36. h3 g6 37. g4 hxg4+ 38. hxg4 f5 39. g5 Kd7 40. Ke3 Kc6 41. Bc1 Kb6 1/2-1/2

[Event "Maribor Pirc Memorial op 19th"]
[Site "Maribor"]
[Date "2015.06.28"]
[Round "5"]
[White "Simic, Dragan"]
[Black "Bratkovic, Sham"]
[Result "1-0"]
[WhiteElo "2245"]
[BlackElo "2176"]
[PlyCount "155"]
[EventDate "2015.06.25"]
[EventType "swiss"]
[EventRounds "9"]
[EventCountry "SLO"]
[SourceTitle "CBM 167 Extra"]
[Source "ChessBase"]
[SourceDate "2015.09.14"]
[SourceVersion "1"]
[SourceVersionDate "2015.09.14"]
[SourceQuality "1"]

1. e4 e5 2. Nf3 Nc6 3. Bc4 Nf6 4. d3 h6 5. Bb3 d6 6. c3 g6 7. h3 Bg7 8. Nbd2 0-0 9. 0-0 Na5 10. Bc2 c5 11. d4 Nc6 12. dxe5 dxe5 13. Nc4 Qe7 14. Qd6 Qxd6 15. Nxd6 Rd8 16. Nxc8 Raxc8 17. Be3 b6 18. Rfd1 Ne8 19. Ba4 Nd6 20. Bxc6 Rxc6 21. Rd5 Re8 22. Nd2 f5 23. f3 fxe4 24. Nxe4 Nxe4 25. fxe4 Kf7 26. Rad1 c4 27. Kf2 Ke6 28. Ke2 Bf8 29. Rd7 Re7 30. Rd8 Bg7 31. Rg8 Kf7 32. Rdd8 Rcc7 33. Bf2 Red7 34. Rxd7+ Rxd7 35. Rc8 b5 36. Ra8 h5 37. Rxa7 Rxa7 38. Bxa7 Ke6 39. b3 Kd6 40. Kd2 Kc6 41. Kc2 Bf6 42. Bb8 Bg7 43. Ba7 Bf6 44. Be3 Be7 45. Bd2 Bf6 46. Kd1 Be7 47. Bh6 Kd7 48. Bg7 Ke6 49. Kc2 Bd6 50. a4 bxa4 51. bxa4 Kd7 52. Bf6 Bc7 53. Kb2 Ke6 54. Bg5 Kd7 55. Ka3 Bd6+ 56. Ka2 Bc7 57. Bc1 Ba5 58. Ba3 Kc6 59. Bb4 Bd8 60. Ka3 Bc7 61. a5 Kb5 62. a6 Kxa6 63. Ka4 Bd8 64. Bd6 Bf6 65. Bc5 Bh4 66. Kb4 Kb7 67. Bd6 Kc6 68. Bxe5 Be7+ 69. Kxc4 Bf8 70. Bf4 Bc5 71. e5 Ba7 72. e6 Bb6 73. e7 Kd7 74. Bd6 Ba5 75. Kd4 g5 76. g4 hxg4 77. hxg4 Ke8 78. c4 1-0

[Event "Maribor Pirc Memorial op 19th"]
[Site "Maribor"]
[Date "2015.06.26"]
[Round "2"]
[White "Sebenik, Matej"]
[Black "Simic, Dragan"]
[Result "1-0"]
[WhiteElo "2512"]
[BlackElo "2245"]
[PlyCount "59"]
[EventDate "2015.06.25"]
[EventType "swiss"]
[EventRounds "9"]
[EventCountry "SLO"]
[SourceTitle "CBM 167 Extra"]
[Source "ChessBase"]
[SourceDate "2015.09.14"]
[SourceVersion "1"]
[SourceVersionDate "2015.09.14"]
[SourceQuality "1"]

1. d4 Nf6 2. c4 e6 3. Nc3 d5 4. cxd5 exd5 5. Bg5 Nbd7 6. e3 c6 7. Bd3 Be7 8. Qc2 Nf8 9. Nge2 Ne6 10. Bh4 g6 11. 0-0 Ng7 12. f3 0-0 13. Rad1 Nfh5 14. Bxe7 Qxe7 15. e4 dxe4 16. fxe4 f5 17. d5 Kh8 18. Qc1 Bd7 19. dxc6 Bxc6 20. exf5 Nxf5 21. Bxf5 gxf5 22. Nd4 Be4 23. Qh6 Ng7 24. Nf3 Rf6 25. Qh4 Re6 26. Qxe7 Rxe7 27. Rd6 Rae8 28. Ng5 Kg8 29. Ngxe4 fxe4 30. Nd5 1-0

[Event "SRB-chT3 Liga Nord CS"]
[Site "Serbia"]
[Date "2011.09.18"]
[Round "2"]
[White "Tadic, Dragan"]
[Black "Simic, Dragan"]
[Result "1-0"]
[WhiteElo "2014"]
[BlackElo "2051"]
[PlyCount "125"]
[EventDate "2011.09.11"]
[EventType "team"]
[EventRounds "11"]
[EventCountry "SRB"]
[SourceTitle "EXT 2015"]
[Source "ChessBase"]
[SourceDate "2014.11.20"]
[SourceVersion "1"]
[SourceVersionDate "2014.11.20"]
[SourceQuality "1"]

1. e4 c5 2. Nf3 e6 3. c4 Nc6 4. Nc3 a6 5. b3 Qc7 6. Bb2 Nf6 7. Bd3 Be7 8. Rc1 b6 9. Bb1 Bb7 10. d4 cxd4 11. Nxd4 Nxd4 12. Qxd4 Bc5 13. Qd2 Ng4 14. Qg5 Bxf2+ 15. Ke2 h5 16. Nd5 Qc5 17. b4 Be3 18. Qxg7 Qf8 19. Nxe3 Rg8 20. Qxf8+ Kxf8 21. Nxg4 Rxg4 22. g3 Bxe4 23. Bxe4 Rxe4+ 24. Kd3 f5 25. Rhe1 Rg4 26. Be5 Rc8 27. a3 Kf7 28. c5 bxc5 29. Rxc5 Rxc5 30. bxc5 Ra4 31. Ra1 Re4 32. Bd6 h4 33. Rb1 hxg3 34. hxg3 e5 35. Rb4 Re1 36. Kd2 Ra1 37. Ra4 Ke6 38. Ke2 Kd5 39. Rxa6 f4 40. gxf4 exf4 41. Ra5 Ke4 42. Ra4+ Kd5 43. Rxf4 Rxa3 44. Rf3 Ra4 45. Rf5+ Kc6 46. Ke3 Ra8 47. Rf8 Ra4 48. Rf4 Ra8 49. Kd4 Ra4+ 50. Ke5 Ra2 51. Rb4 Ra6 52. Kf6 Ra7 53. Ke7 Kd5 54. Rb8 Kc6 55. Kd8 Kd5 56. Ke7 Kc6 57. Rb6+ Kd5 58. Kd8 Ra8+ 59. Kxd7 Ra7+ 60. Kc8 Rf7 61. Rb7 Rf6 62. Rd7 Rh6 63. Be7+ 1-0

[Event "SLO-chT"]
[Site "Slovenia"]
[Date "2011.06.03"]
[Round "4"]
[White "Simic, Dragan"]
[Black "Praznik, Anton"]
[Result "1/2-1/2"]
[WhiteElo "2310"]
[BlackElo "2175"]
[PlyCount "76"]
[EventDate "2011.05.27"]
[EventType "team-tourn"]
[EventRounds "9"]
[EventCountry "SLO"]
[SourceTitle "CBM 142 Extra"]
[Source "ChessBase"]
[SourceDate "2011.06.27"]
[SourceVersion "1"]
[SourceVersionDate "2011.06.27"]
[SourceQuality "1"]
[WhiteTeam "Maribor Branik"]
[BlackTeam "Vrhnika"]
[WhiteTeamCountry "SLO"]
[BlackTeamCountry "SLO"]

1. e4 d6 2. d4 Nf6 3. Nc3 g6 4. Nf3 Bg7 5. h3 0-0 6. Be3 a6 7. a4 b6 8. Bd3 Bb7 9. 0-0 e6 10. Re1 Nbd7 11. Qd2 e5 12. Bg5 Re8 13. Rad1 exd4 14. Nxd4 Nc5 15. Nb3 Nxd3 16. cxd3 Qd7 17. Qc2 h6 18. Bf4 Re7 19. d4 Rae8 20. f3 Nh5 21. Bd2 f5 22. exf5 gxf5 23. Rxe7 Rxe7 24. Qd3 d5 25. g4 fxg4 26. hxg4 Nf6 27. Qg6 Qe8 28. Qxe8+ Nxe8 29. Re1 Kf7 30. Rxe7+ Kxe7 31. Bf4 Nd6 32. Bxd6+ Kxd6 33. Kf2 c5 34. Ke3 c4 35. Nc1 Bc6 36. N1e2 b5 37. axb5 axb5 38. Na2 Bf6 1/2-1/2

[Event "SLO-chT 20th"]
[Site "Gostovanja"]
[Date "2010.05.15"]
[Round "1"]
[White "Buzeti, Jernej"]
[Black "Simic, Dragan"]
[Result "1/2-1/2"]
[WhiteElo "2227"]
[BlackElo "2061"]
[PlyCount "61"]
[EventDate "2010.05.15"]
[EventType "team-tourn"]
[EventRounds "9"]
[EventCountry "SLO"]
[SourceTitle "EXT 2020"]
[Source "ChessBase"]
[SourceDate "2019.10.17"]
[SourceVersion "1"]
[SourceVersionDate "2019.10.17"]
[SourceQuality "1"]
[WhiteTeam "Radenska Pomgrad"]
[BlackTeam "Maribor Branik"]
[WhiteTeamCountry "SLO"]
[BlackTeamCountry "SLO"]

1. e4 c5 2. Nf3 Nc6 3. d4 cxd4 4. Nxd4 Qc7 5. Nc3 e6 6. Be2 a6 7. 0-0 Nf6 8. Be3 d6 9. f4 Be7 10. Kh1 0-0 11. Qe1 Bd7 12. Qg3 Kh8 13. Rae1 b5 14. a3 Rac8 15. Bd3 e5 16. Nxc6 Bxc6 17. fxe5 dxe5 18. Qh3 Qd7 19. Qg3 Qe6 20. Bg5 Nh5 21. Qh4 Bxg5 22. Qxg5 Nf4 23. Be2 Qg6 24. Qxg6 hxg6 25. Bf3 Rcd8 26. Rd1 Kg8 27. Rxd8 Rxd8 28. Rd1 Rxd1+ 29. Bxd1 Kf8 30. Kg1 Ke7 31. Kf2 1/2-1/2

[Event "Belgrade Trophy 17th"]
[Site "Obrenovac"]
[Date "2004.11.25"]
[Round "4"]
[White "Rodic, Dragan"]
[Black "Simic, Dragan"]
[Result "1-0"]
[WhiteElo "2170"]
[BlackElo "2045"]
[PlyCount "99"]
[EventDate "2004.11.22"]
[EventType "swiss"]
[EventRounds "9"]
[EventCountry "YUG"]
[SourceTitle "CBM 103 Extra"]
[Source "ChessBase"]
[SourceDate "2005.01.01"]
[SourceVersion "1"]
[SourceVersionDate "2005.01.01"]
[SourceQuality "1"]

1. d4 Nf6 2. c4 e5 3. dxe5 Ng4 4. Nf3 Bc5 5. e3 Nc6 6. a3 a5 7. b3 0-0 8. Bd3 Ngxe5 9. Nxe5 Qf6 10. Bb2 d6 11. Bxh7+ Kxh7 12. Qh5+ Qh6 13. Qxh6+ Kxh6 14. Nd3 Ba7 15. Nc3 Bf5 16. Rd1 Rae8 17. 0-0 Bg4 18. Rd2 f6 19. Nb5 Bb6 20. h3 Bd7 21. Nf4 Ne7 22. Nc3 Bc6 23. Nfd5 Nc8 24. Kh2 Rf7 25. Nxb6 Nxb6 26. Ne2 a4 27. Bd4 axb3 28. Bxb6 cxb6 29. Rb1 b5 30. cxb5 Bxb5 31. Nd4 Ba4 32. Nxb3 Rc8 33. Rxd6 Rc2 34. Kg3 Rfc7 35. Nd4 Ra2 36. Rdb6 Rxa3 37. Rxb7 Rc5 38. h4 Rd5 39. R1b4 Bd7 40. Rc7 g5 41. Nf3 g4 42. Nd4 Rd3 43. Ne2 Rd2 44. Rd4 R2xd4 45. Nxd4 Kg6 46. Ne2 Kh6 47. Nf4 Rd2 48. Rc5 Ba4 49. Rd5 Rc2 50. Rd6 1-0

[Event "SLO-chT"]
[Site "Celje"]
[Date "2003.11.23"]
[Round "9"]
[White "Soln, Primoz"]
[Black "Simic, Dragan"]
[Result "1/2-1/2"]
[WhiteElo "2365"]
[BlackElo "2305"]
[PlyCount "103"]
[EventDate "2003.11.17"]
[EventType "team-swiss"]
[EventRounds "9"]
[EventCountry "SLO"]
[SourceTitle "CBM 097 Extra"]
[Source "ChessBase"]
[SourceDate "2004.01.13"]
[SourceVersion "1"]
[SourceVersionDate "2004.01.13"]
[SourceQuality "1"]

1. d4 d5 2. c4 c6 3. Nc3 Nf6 4. Nf3 e6 5. Bg5 Nbd7 6. cxd5 cxd5 7. e3 a6 8. Bd3 Be7 9. Rc1 b5 10. Ne5 Bb7 11. f4 Rc8 12. 0-0 0-0 13. Qf3 b4 14. Na4 Rxc1 15. Rxc1 Nxe5 16. fxe5 Ne4 17. Bxe7 Qxe7 18. Bxe4 dxe4 19. Qe2 h6 20. Nc5 Ra8 21. Qc2 Qc7 22. Qa4 a5 23. Nb3 Qd8 24. Nc5 Qg5 25. Re1 Bd5 26. Qc2 Rc8 27. b3 f5 28. exf6 gxf6 29. Qe2 f5 30. Qa6 Re8 31. Qd6 Qe7 32. Qb6 Qg5 33. Qc7 Qg7 34. Qd6 Qe7 35. Qg3+ Qg5 36. Qc7 Qg7 37. Qxa5 Ra8 38. Qxb4 Rxa2 39. Qb8+ Kh7 40. Qg3 Qxg3 41. hxg3 Rb2 42. Ra1 Re2 43. Ra6 Rxe3 44. Kf2 Rc3 45. Nxe6 Bxe6 46. Rxe6 Rxb3 47. Rf6 Rd3 48. Rxf5 Rxd4 49. Ke3 Rd3+ 50. Kf4 Rd2 51. Kxe4 Rxg2 52. Kf3 1/2-1/2